000 00336 a2200157 4500
001 146499
020 _a9788532276278
040 _cEscola São Tomás de Aquino
100 _aALENCAR, José de
240 1 0 _aIracema
_lpor
245 1 0 _aIracema
300 _a136
362 0 _a2011
697 _aLITERATURA BRASILEIRA
942 _cBK
999 _c146499
_d146499